Teatro de operaciones (Record no. 91754)

MARC details
000 -LEADER
campo de control de longitud fija 00868nam a2200241 i 4500
001 - NÚMERO DE CONTROL
campo de control 91754
003 - IDENTIFICADOR DE NÚMERO DE CONTROL
campo de control ES-MaACL
005 - FECHA Y HORA DE LA ÚLTIMA TRANSACCIÓN
campo de control 20230906180814.0
007 - CAMPO FIJO DE DESCRIPCIÓN FÍSICA--INFORMACIÓN GENERAL
campo de control de longitud fija t|
008 - DATOS DE LONGITUD FIJA--INFORMACIÓN GENERAL
campo de control de longitud fija 050211s2003 sp ||||1| spa d
080 ## - NÚMERO DE LA CLASIFICACIÓN DECIMAL UNIVERSAL
Número de la Clasificación Decimal Universal 73 Bordes, Juan (083.824)
100 1# - ENTRADA PRINCIPAL--NOMBRE DE PERSONA
Nombre de persona Bordes, Juan.
9 (RLIN) 30399
245 10 - MENCIÓN DEL TÍTULO
Título Teatro de operaciones
Resto del título : el taller 1975-2002 /
Mención de responsabilidad, etc. Juan Bordes.
260 ## - PUBLICACIÓN, DISTRIBUCIÓN, ETC.
Lugar de publicación, distribución, etc. Madrid :
Nombre del editor, distribuidor, etc. Centro Cultural Conde Duque,
Fecha de publicación, distribución, etc. [2003]
300 ## - DESCRIPCIÓN FÍSICA
Extensión [22] p., 54 h. :
Otras características físicas principalmente il. col. ;
Dimensiones 20 cm.
500 ## - NOTA GENERAL
Nota general Catálogo publicado con motivo de la exposición celebrada en el Conde Duque, diciembre 2003.
600 14 - PUNTO DE ACCESO ADICIONAL DE MATERIA--NOMBRE DE PERSONA
Nombre de persona Bordes, Juan-
Subdivisión de forma Exposiciones.
9 (RLIN) 30400
655 #7 - TERMINO DE INDIZACIÓN--GENERO/FORMA
Fuente del término tgfbne
9 (RLIN) 193628
Datos o término principal de género/forma Catálogos de exposiciones
710 2# - ENTRADA AGREGADA--NOMBRE DE ENTIDAD CORPORATIVA
Nombre de entidad corporativa o nombre de jurisdicción como elemento de entrada Centro Cultural del Conde Duque.
9 (RLIN) 2579
852 ## - LOCALIZACIÓN
Ubicación ES-MaACL
Número de control de estantería 2187-F-1
Sublocalización o colección R.133478
942 ## - ELEMENTOS DE ENTRADA SECUNDARIOS (KOHA)
Fuente del sistema de clasificación o colocación Clasificación decimal universal
Holdings
Estatus retirado Estado de pérdida Estado de daño No para préstamo Colección Biblioteca de origen Biblioteca actual Ubicación en estantería Fecha de adquisición Fuente de adquisición Total de préstamos Signatura topográfica completa Código de barras Visto por última vez Precio de reemplazo Tipo de ítem Koha
        Colección de folletos Biblioteca del Ateneo de Madrid Biblioteca del Ateneo de Madrid Depósito folletos 17/01/2008     2187-F-1 1095799 23/02/2023 23/02/2023 Folleto